<?xml version="1.0" encoding="UTF-8"?><?xml-stylesheet type="text/xsl" href="static/style.xsl"?><OAI-PMH xmlns="http://www.openarchives.org/OAI/2.0/" xmlns:xsi="http://www.w3.org/2001/XMLSchema-instance" xsi:schemaLocation="http://www.openarchives.org/OAI/2.0/ http://www.openarchives.org/OAI/2.0/OAI-PMH.xsd"><responseDate>2026-04-17T12:22:12Z</responseDate><request verb="GetRecord" identifier="oai:riubu.ubu.es:10259/11083" metadataPrefix="marc">https://riubu.ubu.es/oai/request</request><GetRecord><record><header><identifier>oai:riubu.ubu.es:10259/11083</identifier><datestamp>2025-11-22T23:01:16Z</datestamp><setSpec>com_10259_2699</setSpec><setSpec>col_10259_2713</setSpec></header><metadata><record xmlns="http://www.loc.gov/MARC21/slim" xmlns:doc="http://www.lyncode.com/xoai" xmlns:xsi="http://www.w3.org/2001/XMLSchema-instance" xmlns:dcterms="http://purl.org/dc/terms/" xsi:schemaLocation="http://www.loc.gov/MARC21/slim http://www.loc.gov/standards/marcxml/schema/MARC21slim.xsd">
<leader>00925njm 22002777a 4500</leader>
<datafield tag="042" ind1=" " ind2=" ">
<subfield code="a">dc</subfield>
</datafield>
<datafield tag="720" ind1=" " ind2=" ">
<subfield code="a">Martínez Martínez, Víctor</subfield>
<subfield code="e">author</subfield>
</datafield>
<datafield tag="260" ind1=" " ind2=" ">
<subfield code="c">2025</subfield>
</datafield>
<datafield tag="520" ind1=" " ind2=" ">
<subfield code="a">En los últimos años, se ha detectado en el ámbito educativo una profunda&#xd;
necesidad de una enseñanza más contextualizada y orientada a la resolución de&#xd;
problemas reales y alienada con los retos del siglo XXI. Así, se han establecido&#xd;
internacionalmente reformas curriculares que impulsan enfoques&#xd;
competenciales y conectados con la realidad. En este contexto, la competencia&#xd;
STEM ha emergido como una herramienta esencial para afrontar los grandes&#xd;
retos contemporáneos. Sin embargo, persisten tensiones en su abordaje, como&#xd;
la fragmentación del conocimiento, una visión tecnocrática centrada en la&#xd;
empleabilidad, la escasa atención a las dimensiones críticas del saber científico&#xd;
y una creciente desconfianza social hacia la ciencia que refuerzan la urgencia de&#xd;
una alfabetización científica crítica e integrada.&#xd;
En primer lugar, esta investigación avanza en el concepto de Naturaleza de&#xd;
STEM, empleándolo como una perspectiva para repensar la enseñanza de las&#xd;
ciencias en contextos educativos contemporáneos. Esta perspectiva auna&#xd;
aportes del enfoque Ciencia-Tecnología-Sociedad, la Naturaleza de la Ciencia&#xd;
y la educación STEM integrada. En segundo lugar, se desarrolla un itinerario&#xd;
metodológico orientado al diseño, validación y aplicación de dos instrumentos&#xd;
mixtos de evaluación bajo la perspectiva NoSTEM. Este proceso se materializa&#xd;
en dos herramientas complementarias, EPISTEMIK-Fire y EPISTEMIKMeteo, que permiten explorar las concepciones del alumnado sobre&#xd;
problemáticas sociocientíficas reales. Finalmente, se diseña, implementa y&#xd;
evalúa una propuesta didáctica integrada basada en la ecología del fuego,&#xd;
mostrando avances significativos en las concepciones sobre la NoSTEM del&#xd;
grupo experimental.&#xd;
Esta investigación contribuye al desrrollo de la educación STEM integrada para&#xd;
la enseñanza de las ciencias contemporánea, ofreciendo aportes teóricos,&#xd;
metodológicos y prácticos que responden a las exigencias de la alfabetización&#xd;
científica actual.</subfield>
</datafield>
<datafield tag="520" ind1=" " ind2=" ">
<subfield code="a">In recent years, a deep need has been identified within the educational field for&#xd;
a more contextualized form of teaching, oriented toward real-world problem&#xd;
solving and aligned with the challenges of the 21st century. As a result,&#xd;
international curricular reforms have been established to promote competencybased approaches that are connected to reality. In this context, STEM&#xd;
competence has emerged as an essential tool for addressing major&#xd;
contemporary challenges. However, tensions persist in its implementation,&#xd;
such as the fragmentation of knowledge, a technocratic vision focused on&#xd;
employability, limited attention to the critical dimensions of scientific&#xd;
knowledge, and a growing public distrust in science. These issues reinforce the&#xd;
urgency of fostering a critical and integrated scientific literacy.&#xd;
Firstly, this research advances the concept of the Nature of STEM, using it as&#xd;
a perspective that rethinks science education in contemporary educational&#xd;
contexts. This perspective integrates contributions from the ScienceTechnology-Society (STS) approach, the Nature of Science (NOS), and&#xd;
integrated STEM education. Secondly, a methodological pathway is developed&#xd;
for the design, validation, and application of two mixed-method assessment&#xd;
instruments based on the NoSTEM perspective. This process results in two&#xd;
complementary tools, EPISTEMIK-Fire and EPISTEMIK-Meteo, which&#xd;
allow for the exploration of students’ conceptions regarding real socioscientific issues. Finally, an integrated didactic proposal based on fire ecology&#xd;
is designed, implemented, and evaluated, showing significant improvements in&#xd;
the NoSTEM-related conceptions of the experimental group.&#xd;
This research contributes to the development of integrated STEM education&#xd;
for contemporary science teaching by offering theoretical, methodological, and&#xd;
practical contributions that respond to the current demands of scientific&#xd;
literacy</subfield>
</datafield>
<datafield tag="024" ind2=" " ind1="8">
<subfield code="a">https://hdl.handle.net/10259/11083</subfield>
</datafield>
<datafield tag="024" ind2=" " ind1="8">
<subfield code="a">10.36443/10259/11083</subfield>
</datafield>
<datafield ind1=" " ind2=" " tag="653">
<subfield code="a">Naturaleza de la Ciencia</subfield>
</datafield>
<datafield ind1=" " ind2=" " tag="653">
<subfield code="a">Ciencia-Tecnología-Sociedad</subfield>
</datafield>
<datafield ind1=" " ind2=" " tag="653">
<subfield code="a">Educación STEM integrada</subfield>
</datafield>
<datafield ind1=" " ind2=" " tag="653">
<subfield code="a">Naturaleza de STEM</subfield>
</datafield>
<datafield ind1=" " ind2=" " tag="653">
<subfield code="a">Alfabetización científica</subfield>
</datafield>
<datafield ind1=" " ind2=" " tag="653">
<subfield code="a">Propuesta didáctica</subfield>
</datafield>
<datafield ind1=" " ind2=" " tag="653">
<subfield code="a">Ecología del fuego</subfield>
</datafield>
<datafield ind1=" " ind2=" " tag="653">
<subfield code="a">Instrumento</subfield>
</datafield>
<datafield ind1=" " ind2=" " tag="653">
<subfield code="a">Evaluación</subfield>
</datafield>
<datafield ind1=" " ind2=" " tag="653">
<subfield code="a">Nature of Science</subfield>
</datafield>
<datafield ind1=" " ind2=" " tag="653">
<subfield code="a">Science-Technology-Society</subfield>
</datafield>
<datafield ind1=" " ind2=" " tag="653">
<subfield code="a">Integrated STEM education</subfield>
</datafield>
<datafield ind1=" " ind2=" " tag="653">
<subfield code="a">Nature of STEM</subfield>
</datafield>
<datafield ind1=" " ind2=" " tag="653">
<subfield code="a">Scientific literacy</subfield>
</datafield>
<datafield ind1=" " ind2=" " tag="653">
<subfield code="a">Didactic proposal</subfield>
</datafield>
<datafield ind1=" " ind2=" " tag="653">
<subfield code="a">Fire ecology</subfield>
</datafield>
<datafield ind1=" " ind2=" " tag="653">
<subfield code="a">Instrument</subfield>
</datafield>
<datafield ind1=" " ind2=" " tag="653">
<subfield code="a">Evaluation</subfield>
</datafield>
<datafield tag="245" ind1="0" ind2="0">
<subfield code="a">Naturaleza de STEM: marco teórico, diseño instrumental y propuesta didáctica integrada</subfield>
</datafield>
</record></metadata></record></GetRecord></OAI-PMH>